01356cam a22003254i 4500003000900000005001700009008004100026035001900067040003300086082001900119100003900138245004100177264003600218300002800254336002100282337002500303338002300328505058300351526001000934526001000944526001000954526001000964526000800974526000800982526000800990526000800998526000801006526000801014526000801022PE-LiUPU20250731173212.0150625s1961 xxu r 000 0 eng d a(Sirsi) a32497 aPE-LiUPUbspacPE-LiUPUerda04a220.9bW922211 aWilliam Foxwell, Albright,eautor.14aThe Bible And The Ancient Near East. 1aIndiana :bEinsenbrauns,c1961. a409 páginas ;c23 cm. atext2rdacontent aunmediated2rdamedia avolume2rdacarrier0 aModern Study of Old testament literature -- Biblical history in transtion -- The hebrew language in Its Northwest Semitic Background -- The archaeology of Palestine -- The textual criticism of the old testament -- The development of the old testament -- The development of the Jewish Scripts -- The Chronology of Israel and the ancient near east -- South Arabian History and Archaeology -- Sumerian literature, A General Survey -- Formative tendencies in sumerian Religion -- Egypt: Its language and literature -- Egyptian Culture and religion -- Hittite and anatolian Studies. aSEG42 aSEG41 aSEG40 aSEG39 aP94 aP87 aP86 aP85 aP77 aP76 aP35